[Event "Niederoesterreich Landesliga 1617"]
[Site "Austria"]
[Date "2017.03.12"]
[Round "9.2"]
[White "Sulzgruber, Robin"]
[Black "Hofmann, Thomas"]
[Result "1/2-1/2"]
[WhiteElo "2195"]
[BlackElo "2260"]
[PlyCount "149"]
[EventDate "2016.10.02"]
[EventType "team-tourn"]
[EventRounds "11"]
[EventCountry "AUT"]
[SourceTitle "EXT 2018"]
[Source "ChessBase"]
[SourceDate "2017.10.13"]
[SourceVersion "1"]
[SourceVersionDate "2017.10.13"]
[SourceQuality "1"]
[WhiteTeam "Bisamberg/Korneuburg"]
[BlackTeam "Mistelbach"]
[WhiteTeamCountry "AUT"]
[BlackTeamCountry "AUT"]

1. e4 e5 2. Nc3 Nf6 3. g3 d5 4. exd5 Nxd5 5. Bg2 Nxc3 6. bxc3 Bd6 7. Rb1 c6 8. Nf3 Qa5 9. a3 0-0 10. 0-0 Qc7 11. h3 Nd7 12. d4 exd4 13. cxd4 Nb6 14. Qd3 g6 15. Bh6 Rd8 16. Rbc1 Bf5 17. Qb3 Be4 18. c4 Bxf3 19. Qxf3 Bf8 20. Bf4 Qe7 21. c5 Nd5 22. Be5 f6 23. Bd6 Qf7 24. Bxf8 Kxf8 25. Rb1 Rab8 26. a4 a5 27. Rfd1 Rd7 28. Qd3 Nb4 29. Qc3 Rbd8 30. Rd2 Kg7 31. Re1 Re8 32. Rde2 Rxe2 33. Rxe2 Re7 34. Re3 Rxe3 35. Qxe3 Qd7 36. Bf1 Qf7 37. h4 Kf8 38. Qh6+ Ke7 39. Qf4 Kf8 40. Qh6+ Ke7 41. Qf4 Kf8 42. Bh3 f5 43. Bf1 Kg7 44. h5 gxh5 45. Qg5+ Qg6 46. Qe7+ Qf7 47. Qd8 f4 48. Qg5+ Qg6 49. Qxf4 Nd5 50. Qe5+ Qf6 51. Qe4 Qg6 52. Qe5+ Qf6 53. Qb8 Qe7 54. Bg2 Nc3 55. Bf3 h4 56. gxh4 Nxa4 57. Qf4 Qf6 58. Qc7+ Kh6 59. Qxa5 Qxd4 60. Qc7 Qg7+ 61. Qg3 Qxg3+ 62. fxg3 Nxc5 63. Kf2 Kg6 64. Ke3 Kf6 65. g4 h6 66. Kd4 Ne6+ 67. Ke4 Nf8 68. Kd4 Nd7 69. Be2 b5 70. Kc3 Nb8 71. g5+ hxg5 72. hxg5+ Kxg5 73. Bxb5 cxb5 74. Kb4 Nc6+ 75. Kxb5 1/2-1/2

[Event "Niederoesterreich Landesliga 1617"]
[Site "Austria"]
[Date "2017.02.26"]
[Round "8.2"]
[White "Piringer, Florian"]
[Black "Sulzgruber, Robin"]
[Result "0-1"]
[WhiteElo "2166"]
[BlackElo "2195"]
[PlyCount "94"]
[EventDate "2016.10.02"]
[EventType "team-tourn"]
[EventRounds "11"]
[EventCountry "AUT"]
[SourceTitle "EXT 2018"]
[Source "ChessBase"]
[SourceDate "2017.10.13"]
[SourceVersion "1"]
[SourceVersionDate "2017.10.13"]
[SourceQuality "1"]
[WhiteTeam "Stockerau"]
[BlackTeam "Bisamberg/Korneuburg"]
[WhiteTeamCountry "AUT"]
[BlackTeamCountry "AUT"]

1. d4 Nf6 2. Bf4 g6 3. e3 Bg7 4. Nd2 0-0 5. Ngf3 d6 6. Be2 h6 7. h3 e6 8. 0-0 Qe7 9. e4 Nc6 10. Bh2 Nd7 11. c3 f5 12. exf5 gxf5 13. Re1 Nb6 14. Nc4 Nd5 15. Ne3 Nxe3 16. fxe3 e5 17. d5 Nb8 18. Bg3 Nd7 19. Rf1 Bf6 20. e4 Nc5 21. exf5 Bxf5 22. Nd2 Bg5 23. b4 Ne4 24. Nxe4 Bxe4 25. Bf3 Bg6 26. Qe2 Qh7 27. Bg4 Bd3 28. Be6+ Kg7 29. Rxf8 Rxf8 30. Qg4 Qg6 31. Re1 h5 32. Qd1 Bh6 33. Kh2 e4 34. c4 e3 35. c5 e2 36. Rxe2 Bxe2 37. Qxe2 Bf4 38. Bxf4 Rxf4 39. cxd6 cxd6 40. Qd2 Qf6 41. Bc8 Qe5 42. Kg1 Qd4+ 43. Qxd4+ Rxd4 44. Bxb7 Rxb4 45. Bc6 Rb2 46. a4 h4 47. Kf1 Kf6 0-1

[Event "Niederoesterreich Landesliga 1415"]
[Site "Austria"]
[Date "2015.01.18"]
[Round "7.3"]
[White "Sulzgruber, Robin"]
[Black "Lipp, Alfred"]
[Result "1-0"]
[WhiteElo "1973"]
[BlackElo "2119"]
[PlyCount "69"]
[EventDate "2014.10.05"]
[EventType "team-tourn"]
[EventRounds "11"]
[EventCountry "AUT"]
[SourceTitle "EXT 2016"]
[Source "ChessBase"]
[SourceDate "2015.10.08"]
[SourceVersion "1"]
[SourceVersionDate "2015.10.08"]
[SourceQuality "1"]
[WhiteTeam "Bisamberg/Korneuburg"]
[BlackTeam "Zwettl II"]
[WhiteTeamCountry "AUT"]
[BlackTeamCountry "AUT"]

1. e4 c5 2. c3 Nf6 3. e5 Nd5 4. Nf3 Nc6 5. Bc4 Nb6 6. Bb3 e6 7. Na3 a6 8. 0-0 Be7 9. d4 cxd4 10. cxd4 d6 11. Qe2 0-0 12. Bd2 dxe5 13. dxe5 Qc7 14. Rac1 Qb8 15. Qe4 Nd7 16. Bc2 f5 17. exf6 Nxf6 18. Qh4 e5 19. Nc4 b5 20. Ne3 Qb6 21. Bc3 b4 22. Bb3+ Kh8 23. Nxe5 Nxe5 24. Bxe5 Bd7 25. Bc2 h6 26. Bxf6 Bxf6 27. Qe4 Kg8 28. Qh7+ Kf7 29. Bg6+ Ke6 30. Bf5+ Kf7 31. Bxd7 Bxb2 32. Rc6 Qa7 33. Be6+ Ke8 34. Nd5 Qd4 35. Qg6+ 1-0

[Event "Niederoesterreich Landesliga 1415"]
[Site "Austria"]
[Date "2014.11.09"]
[Round "3.3"]
[White "Sulzgruber, Robin"]
[Black "Woeber, Friedrich"]
[Result "1-0"]
[WhiteElo "1973"]
[BlackElo "2165"]
[PlyCount "65"]
[EventDate "2014.10.05"]
[EventType "team-tourn"]
[EventRounds "11"]
[EventCountry "AUT"]
[SourceTitle "EXT 2016"]
[Source "ChessBase"]
[SourceDate "2015.10.08"]
[SourceVersion "1"]
[SourceVersionDate "2015.10.08"]
[SourceQuality "1"]
[WhiteTeam "Bisamberg/Korneuburg"]
[BlackTeam "Krems Voest"]
[WhiteTeamCountry "AUT"]
[BlackTeamCountry "AUT"]

1. e4 c5 2. c3 Nf6 3. e5 Nd5 4. Nf3 Nc6 5. Bc4 Nb6 6. Bb3 d5 7. exd6 Qxd6 8. Na3 a6 9. 0-0 Bf5 10. d4 cxd4 11. Nxd4 Nxd4 12. cxd4 e6 13. Qf3 Qd7 14. Nc2 Bd6 15. Ne3 Bg6 16. d5 e5 17. Bd2 0-0 18. Ba5 Qb5 19. Bxb6 Qxb6 20. Nc4 Qc7 21. Nxd6 Qxd6 22. Rac1 Rac8 23. Rc3 Rc5 24. Rxc5 Qxc5 25. d6 b5 26. Rd1 e4 27. Qf4 Rd8 28. Rd5 Qb6 29. Qe5 Qa7 30. d7 f6 31. Rc5+ Kh8 32. Rc8 Qb6 33. Qe8+ 1-0